| 000 | 00374nam a22001457a 4500 | ||
|---|---|---|---|
| 008 | 250423b ||||| |||| 00| 0 eng d | ||
| 020 | _a071672037 | ||
| 041 | _aeng | ||
| 080 |
_21988 _a159.9LLI |
||
| 082 |
_2159.9LLI _a159.9LLI |
||
| 100 | _a25 | ||
| 101 | _aPSIKOLOGJI | ||
| 245 |
_aTHE BIOLOGY OF THE BRAIN FROM NEURINS TO NETWORKS _cRODOLFO R.LLINAS |
||
| 942 |
_2udc _cBK |
||
| 999 |
_c60692 _d60692 |
||